期刊信息 |
| 索取号 |
O48/ELECTROMAGNETICS
|
| 题名 |
ELECTROMAGNETICS
|
| 作者 |
H.Y.David Yang
|
| 分册号 |
|
| 分册名 |
|
| 出版地 |
NEW YORK
|
| 出版者 |
TALYOR AND FRANCIS INC.
|
| 标准刊号 |
0272-6343
|
| 出版频率 |
双月刊
|
| 中图法分类 |
O48
|
| 主题词 |
固体物理学
|
| 电子资源 | |
| |
|
| 000 | 00621nas0 2200193 45 | |
| 001 | 0737356800 | |
| 005 | 20070416102833.64 | |
| 011 | @a0272-6343@d$270.00(2001) | |
| 100 | @a20070416d km y0chiy0120 ea | |
| 101 | 0 | @aeng |
| 200 | 1 | @aELECTROMAGNETICS@fH.Y.David Yang |
| 207 | @aThe paper in this publication meets the requirements of the ANSI Standard Z39.48-1984(Permanence of Paper),effective with Volume 1,1998. | |
| 210 | @aNEW YORK@cTALYOR AND FRANCIS INC. | |
| 326 | @a双月刊 | |
| 606 | 0 | @a固体物理学 |
| 690 | @aO48@v4 | |
| 701 | 0 | @aH.Y.David Yang |
| 801 | 0 | @aCN@bPFT@c20070416 |
| 905 | @dO48@eELECTROMAGNETICS | |
| ELECTROMAGNETICS/H.Y.David Yang.-The paper in this publication meets the requirements of the ANSI Standard Z39.48-1984(Permanence of Paper),effective with Volume 1,1998.-NEW YORK:TALYOR AND FRANCIS INC. |
| ISSN 0272-6343:$270.00(2001) |
| ● |
| 相关链接: |
|
|
|
|